| 000 | nam a22 a 4500 | ||
|---|---|---|---|
| 999 |
_c2687 _d2687 |
||
| 005 | 20170517152146.0 | ||
| 008 | 170517b1980 xxu||||| |||| 00| 0 eng d | ||
| 020 | _a0827313241 | ||
| 040 | _aAKMAL | ||
| 082 | _a641.1 TOW | ||
| 090 |
_a641.1 _bTOW |
||
| 100 |
_aCAROLYNN E. TOWNSEND _95654 |
||
| 245 |
_aNutrition and Diet Modifications / _cCarolynn E. Townsend |
||
| 260 |
_aUSA _bDelmar Publishing Inc. _c1980 |
||
| 300 |
_a293p. _ccm |
||
| 942 |
_2ddc _cBOOK |
||